[Event "Gibtelecom Masters 8th"]
[Site "Gibraltar"]
[Date "2010.02.02"]
[Round "8.79"]
[White "Fox, Anthony"]
[Black "Andersen, Niels Erik"]
[Result "1-0"]
[WhiteElo "2113"]
[BlackElo "1965"]
[PlyCount "87"]
[EventDate "2010.01.26"]
[EventType "swiss"]
[EventRounds "10"]
[EventCountry "GGB"]
[SourceDate "2005.02.07"]

1. e4 c5 2. Nc3 Nc6 3. g3 g6 4. Bg2 Bg7 5. d3 d6 6. Be3 e6 7. Qd2 Rb8 8. Nge2
Nge7 9. Bh6 O-O 10. h4 f6 11. Bxg7 Kxg7 12. h5 g5 13. h6+ Kh8 14. f4 g4 15O-O-O b5 16. Rdf1 b4 17. Nd1 Nd4 18. Ne3 Nxe2+ 19. Qxe2 f5 20. exf5 exf5 21Nc4 Ng6 22. Re1 Qf6 23. Qe3 Bd7 24. Qf2 Rfe8 25. Ne3 Ne7 26. Nd5 Nxd5 27. Bxd5
a5 28. Rxe8+ Rxe8 29. Re1 Qxh6 30. Rxe8+ Bxe8 31. d4 Qf8 32. dxc5 dxc5 33. Qe3
h6 34. Qe5+ Kh7 35. Be6 Bg6 36. Qc7+ Kh8 37. Qxa5 Qd6 38. Qa8+ Kg7 39. Qg8+ Kf6
40. Bc4 Qd4 41. Qe6+ Kg7 42. Qe7+ Kh8 43. Qf8+ Kh7 44. Qg8# 1-0

[Event "Gibtelecom Masters 8th"]
[Site "Gibraltar"]
[Date "2010.02.02"]
[Round "8.80"]
[White "Flermoen, Peter"]
[Black "Webster, Richard J"]
[Result "1-0"]
[WhiteElo "2108"]
[BlackElo "1961"]
[PlyCount "77"]
[EventDate "2010.01.26"]
[EventType "swiss"]
[EventRounds "10"]
[EventCountry "GGB"]
[SourceDate "2005.02.07"]

1. e4 e6 2. d4 d5 3. Nc3 Nf6 4. e5 Nfd7 5. f4 c5 6. Nf3 Nc6 7. Be3 a6 8. dxc5
Bxc5 9. Qd2 b5 10. O-O-O Qb6 11. Bxc5 Nxc5 12. Bd3 b4 13. Ne2 Nxd3+ 14. Qxd3 a5
15. Ned4 Ba6 16. Qd2 Rc8 17. f5 Nxd4 18. Nxd4 a4 19. Kb1 g6 20. g4 Rc7 21. Qh6
Rc4 22. Qd2 Rc7 23. h4 Kd7 24. h5 gxf5 25. gxf5 Kc8 26. Rhg1 Kb8 27. f6 Bc4 28Rg3 Ka8 29. Rdg1 Rb8 30. b3 Ba6 31. Rg8 Rcc8 32. Rxc8 Rxc8 33. Rg7 a3 34. Rxf7
Rc3 35. Rf8+ Bc8 36. f7 Qa6 37. Qd1 Qa7 38. Nb5 Qe7 39. Rh8 1-0

[Event "Gibtelecom Masters 8th"]
[Site "Gibraltar"]
[Date "2010.02.02"]
[Round "8.81"]
[White "Jacobsen, Fredrik Beer"]
[Black "Fegan, Chris"]
[Result "0-1"]
[WhiteElo "1952"]
[BlackElo "2093"]
[PlyCount "50"]
[EventDate "2010.01.26"]
[EventType "swiss"]
[EventRounds "10"]
[EventCountry "GGB"]
[SourceDate "2005.02.07"]

1. e4 g6 2. d4 Bg7 3. Nc3 d6 4. Bc4 a6 5. a4 Nf6 6. f4 Nxe4 7. Bxf7+ Kxf7 8Nxe4 Rf8 9. c3 Kg8 10. Qb3+ d5 11. Nf3 Nc6 12. O-O Na5 13. Qa2 Bf5 14. Re1 Nc4
15. Nc5 Qc8 16. Nh4 Bg4 17. h3 b6 18. hxg4 bxc5 19. b3 Nd6 20. f5 cxd4 21. b4
c6 22. fxg6 Qxg4 23. gxh7+ Kxh7 24. Rxe7 Qxh4 25. Rc7 Rae8 0-1

[Event "Gibtelecom Masters 8th"]
[Site "Gibraltar"]
[Date "2010.02.02"]
[Round "8.82"]
[White "Havik, Victor"]
[Black "Johnson, Paul A"]
[Result "1-0"]
[WhiteElo "2093"]
[BlackElo "1904"]
[PlyCount "101"]
[EventDate "2010.01.26"]
[EventType "swiss"]
[EventRounds "10"]
[EventCountry "GGB"]
[SourceDate "2005.02.07"]

1. d4 d5 2. c4 e6 3. Nc3 Nf6 4. cxd5 exd5 5. Bg5 Be7 6. e3 c6 7. Bd3 O-O 8Nge2 Ne4 9. Bf4 Nxc3 10. Nxc3 Nd7 11. a3 Nf6 12. O-O Bg4 13. Qc2 Bh5 14. b4 Bg6
15. Rfb1 Bxd3 16. Qxd3 Qd7 17. Na4 b6 18. Nc3 h6 19. h3 Bd6 20. Be5 Bxe5 21dxe5 Nh7 22. b5 Rfd8 23. bxc6 Qxc6 24. Ne2 Qe8 25. Nd4 Ng5 26. a4 Rac8 27. f4
Ne4 28. a5 Rc3 29. Qe2 bxa5 30. Rxa5 Rdc8 31. Kh2 Rc1 32. Rba1 Rxa1 33. Rxa1
Qd7 34. Ra6 Rc1 35. Qb2 Qc8 36. Rxa7 Re1 37. e6 Nd6 38. Qb4 Qc1 39. exf7+ Nxf7
40. Qb8+ Kh7 41. Rxf7 Rh1+ 42. Kg3 Qe1+ 43. Kg4 Qd1+ 44. Nf3 Qc2 45. Rf8 Qxg2+
46. Kf5 Qg6+ 47. Ke5 Qe4+ 48. Kd6 Qxe3 49. Rh8+ Kg6 50. Ne5+ Kh5 51. Qe8+ 1-0

[Event "Gibtelecom Masters 8th"]
[Site "Gibraltar"]
[Date "2010.02.02"]
[Round "8.83"]
[White "Freuler, Roman"]
[Black "Skage, Oystein Aagedal"]
[Result "1-0"]
[WhiteElo "2082"]
[BlackElo "1935"]
[PlyCount "189"]
[EventDate "2010.01.26"]
[EventType "swiss"]
[EventRounds "10"]
[EventCountry "GGB"]
[SourceDate "2005.02.07"]

1. e4 c5 2. Nf3 Nc6 3. d4 cxd4 4. Nxd4 Nf6 5. Nc3 e5 6. Ndb5 d6 7. a4 a6 8. Na3
Be6 9. Bg5 Be7 10. Bxf6 Bxf6 11. Bc4 O-O 12. O-O Nd4 13. Nd5 Rc8 14. c3 Nc6 15Qe2 Bg5 16. Rad1 Ne7 17. Nxe7+ Qxe7 18. Qd3 Rfd8 19. Bd5 Bxd5 20. Qxd5 Rc5 21Qd3 Qc7 22. c4 Qa5 23. b3 Be7 24. Nc2 Qc7 25. Ne3 Bf8 26. Nd5 Qc8 27. Qg3 b5
28. cxb5 axb5 29. b4 Rxd5 30. Rxd5 bxa4 31. Qd3 Qc6 32. b5 Qb6 33. Rc1 Rb8 34g3 Qa5 35. Qc3 Qb6 36. Qc7 Qxc7 37. Rxc7 f5 38. f3 Rb6 39. Ra7 a3 40. Rxa3 Be7
41. Ra6 Rb7 42. exf5 Kf7 43. Rc6 Kf6 44. g4 g6 45. fxg6 hxg6 46. b6 Ke6 47. Rb5
Bd8 48. Kg2 g5 49. Kf1 Kd7 50. Rc1 Rxb6 51. Rxb6 Bxb6 52. Ke2 Bd8 53. Kd3 Ke6
54. Rc8 Be7 55. Rc6 Kd7 56. Ra6 d5 57. Rg6 Bd8 58. Kc3 Be7 59. Kb3 Bd8 60. Ka4
Be7 61. Kb5 Kc7 62. Rc6+ Kd7 63. h3 Bd6 64. Ra6 Be7 65. Kb6 Bd6 66. Ra7+ Ke6
67. Kc6 d4 68. Ra2 Bb4 69. Kb5 Be1 70. Kc4 Bg3 71. Ra6+ Kf7 72. Kd3 Bf4 73. Ke4
Kg7 74. Kf5 Kf7 75. Ra7+ Kg8 76. Kg6 Kf8 77. Kh5 d3 78. h4 d2 79. Ra1 gxh4 80Kxh4 Kg7 81. Kh3 Kf6 82. Kg2 Kg5 83. Kf2 e4 84. fxe4 Kxg4 85. Ke2 Bh6 86. Rf1
Bf4 87. Rg1+ Kh5 88. Kd3 Bg5 89. e5 Kg6 90. Rf1 Bf4 91. Ke4 Bg3 92. Rd1 Be1 93Kd5 Kf7 94. Kd6 Ke8 95. Ke6 1-0

[Event "Gibtelecom Masters 8th"]
[Site "Gibraltar"]
[Date "2010.02.02"]
[Round "8.84"]
[White "Pienabarca, Nicola"]
[Black "Valhondo Morales, Ruben"]
[Result "1-0"]
[WhiteElo "2071"]
[BlackElo "1762"]
[PlyCount "73"]
[EventDate "2010.01.26"]
[EventType "swiss"]
[EventRounds "10"]
[EventCountry "GGB"]
[SourceDate "2005.02.07"]

1. d4 d5 2. Nf3 c6 3. c4 e6 4. e3 Nf6 5. b3 Nbd7 6. Bb2 Ne4 7. Bd3 f5 8. O-Bd6 9. Ne5 O-O 10. f3 Bxe5 11. dxe5 Nec5 12. cxd5 exd5 13. Ba3 Rf7 14. f4 b6
15. Qc2 Nxd3 16. e6 Rf6 17. exd7 Ba6 18. Rd1 Qxd7 19. Rxd3 Bxd3 20. Qxd3 c5 21Nd2 a5 22. Nf3 Rd8 23. Rd1 Qc8 24. Bb2 Rf7 25. Ne5 Rb7 26. Qb5 Qe6 27. Bc3 Rc7
28. Qd3 Rd6 29. Nf3 Rb7 30. Be5 Rd8 31. g4 fxg4 32. Qxh7+ Kxh7 33. Ng5+ Kg6 34Nxe6 Rh8 35. Rxd5 Rh3 36. Rd6 Rh8 37. Nd8+ 1-0

[Event "Gibtelecom Masters 8th"]
[Site "Gibraltar"]
[Date "2010.02.02"]
[Round "8.85"]
[White "Dasaolu, Adeoye"]
[Black "Kympergr, Vojtech"]
[Result "1-0"]
[WhiteElo "2068"]
[BlackElo "1599"]
[PlyCount "81"]
[EventDate "2010.01.26"]
[EventType "swiss"]
[EventRounds "10"]
[EventCountry "GGB"]
[SourceDate "2005.02.07"]

1. e4 e5 2. Nf3 Nc6 3. Bb5 a6 4. Ba4 Nf6 5. O-O b5 6. Bb3 Be7 7. Re1 O-O 8. c3
d5 9. exd5 Nxd5 10. d3 Bg4 11. h3 Bh5 12. g4 Bg6 13. Nxe5 Nxe5 14. Rxe5 c6 15Qf3 Bd6 16. Re1 Rc8 17. d4 a5 18. a4 b4 19. Nd2 bxc3 20. bxc3 Nf4 21. Ne4 Bxe4
22. Rxe4 Ng6 23. Bd2 Nh4 24. Qe2 Qf6 25. f4 Rb8 26. Bc4 Rb2 27. Rf1 Ng6 28. Qe3
Rfb8 29. f5 Nf8 30. g5 Qd8 31. g6 hxg6 32. fxg6 Nxg6 33. Bxf7+ Kh7 34. Qf3 Nf4
35. Bxf4 Bxf4 36. Qxf4 Qf6 37. Qg3 Qxf1+ 38. Kxf1 Rb1+ 39. Re1 Rxe1+ 40. Kxe1
Rb1+ 41. Kd2 1-0

[Event "Gibtelecom Masters 8th"]
[Site "Gibraltar"]
[Date "2010.02.02"]
[Round "8.86"]
[White "Marder, Simon"]
[Black "Royset, Paal"]
[Result "1/2-1/2"]
[WhiteElo "1993"]
[BlackElo "2279"]
[PlyCount "87"]
[EventDate "2010.01.26"]
[EventType "swiss"]
[EventRounds "10"]
[EventCountry "GGB"]
[SourceDate "2005.02.07"]

1. Nc3 d5 2. e4 d4 3. Nce2 e5 4. Ng3 Be6 5. b3 Nd7 6. Bc4 Bxc4 7. bxc4 d3 8Nf3 dxc2 9. Qxc2 Ne7 10. O-O Nc6 11. d4 exd4 12. Nf5 g6 13. N5xd4 Nxd4 14. Nxd4
Bg7 15. Bb2 O-O 16. f4 Qe7 17. Kh1 Nc5 18. e5 f6 19. Nf3 fxe5 20. fxe5 Ne6 21Rad1 Rf4 22. Bc1 Rf5 23. Qc3 Qc5 24. Rd5 Qc6 25. Re1 Raf8 26. Qd3 R8f7 27. Bd2
g5 28. Qe4 h5 29. h3 a6 30. Kh2 Bf8 31. Rf1 Nf4 32. Nxg5 Rxg5 33. Rxf4 Rxf4 34Bxf4 Rg6 35. Qf5 h4 36. Bg5 Qe6 37. Qf4 Be7 38. Bxe7 Qxe7 39. Qd2 Rg7 40. Qd3
Kh8 41. Rd8+ Rg8 42. Rxg8+ Kxg8 43. Qd5+ Kg7 44. Qe4 1/2-1/2

[Event "Gibtelecom Masters 8th"]
[Site "Gibraltar"]
[Date "2010.02.02"]
[Round "8.87"]
[White "Ashby, Anthony C"]
[Black "Boesch, Heinz"]
[Result "1-0"]
[WhiteElo "2178"]
[BlackElo "1948"]
[PlyCount "83"]
[EventDate "2010.01.26"]
[EventType "swiss"]
[EventRounds "10"]
[EventCountry "GGB"]
[SourceDate "2005.02.07"]

1. c4 d5 2. cxd5 Nf6 3. Nc3 Nxd5 4. g3 Nxc3 5. bxc3 g6 6. Bg2 Bg7 7. Nf3 O-O 8O-O c6 9. Qc2 Nd7 10. d4 e5 11. e3 exd4 12. cxd4 Re8 13. Bb2 Qe7 14. Rfe1 a5
15. Nd2 Nb6 16. Qb3 Qd8 17. Ba3 Be6 18. Qc2 Bf8 19. Bxf8 Rxf8 20. Rab1 Rb8 21h4 Nd5 22. a3 Nf6 23. Qc5 Qc7 24. Qg5 Kg7 25. Rec1 Qd6 26. Qxa5 Ra8 27. Qb4
Qxb4 28. axb4 Ra2 29. Nf1 Ng4 30. f3 Nf6 31. b5 Rfa8 32. bxc6 bxc6 33. e4 h5
34. Rd1 R8a3 35. Rbc1 Bd7 36. Nd2 Re3 37. Nc4 Ree2 38. Bf1 Rf2 39. Ne5 Be8 40Ra1 Rac2 41. Rdc1 Rb2 42. Nd3 1-0

[Event "Gibtelecom Masters 8th"]
[Site "Gibraltar"]
[Date "2010.02.02"]
[Round "8.88"]
[White "Compton, Alistair"]
[Black "Helin, Mikael"]
[Result "1-0"]
[WhiteElo "2066"]
[BlackElo "1972"]
[PlyCount "85"]
[EventDate "2010.01.26"]
[EventType "swiss"]
[EventRounds "10"]
[EventCountry "GGB"]
[SourceDate "2005.02.07"]

1. e4 c5 2. Nc3 Nc6 3. Bb5 Nd4 4. Bc4 a6 5. Nf3 e6 6. a4 Nc6 7. d4 cxd4 8. Nxd4
Qc7 9. Be2 Nf6 10. Nxc6 dxc6 11. O-O h5 12. f4 e5 13. f5 Bd7 14. Be3 Bb4 15Bf3 O-O-O 16. Qe2 Bxc3 17. bxc3 Bxf5 18. Qf2 Bxe4 19. Bxe4 Nxe4 20. Qf5+ Kb8
21. Qxe4 g6 22. Rab1 f5 23. Qc4 b5 24. axb5 cxb5 25. Qa2 Qxc3 26. Bb6 Rd5 27Qxd5 Rc8 28. Qd7 Rc7 29. Bxc7+ Qxc7 30. Qxc7+ Kxc7 31. c4 bxc4 32. Rfc1 e4 33Rxc4+ Kd6 34. Rd1+ Ke5 35. g3 h4 36. Kf2 a5 37. Ke3 Kf6 38. gxh4 Kg7 39. Kf4
Kh6 40. Rg1 a4 41. Rc6 a3 42. Rgxg6+ Kh7 43. Rgd6 1-0

[Event "Gibtelecom Masters 8th"]
[Site "Gibraltar"]
[Date "2010.02.02"]
[Round "8.89"]
[White "Matto, Manuel"]
[Black "Lochte, Szilvia"]
[Result "1-0"]
[WhiteElo "1824"]
[BlackElo "2032"]
[PlyCount "59"]
[EventDate "2010.01.26"]
[EventType "swiss"]
[EventRounds "10"]
[EventCountry "GGB"]
[SourceDate "2005.02.07"]

1. e4 d6 2. d4 g6 3. c3 Bg7 4. h3 Nf6 5. Bd3 O-O 6. Nf3 Nbd7 7. Be3 c5 8. Nbd2
a6 9. a4 b6 10. O-O Bb7 11. d5 h6 12. Re1 Nh5 13. g4 Nhf6 14. Nf1 Nh7 15. Qd2
g5 16. Ng3 e6 17. c4 Ne5 18. Nxe5 Bxe5 19. f4 gxf4 20. Bxf4 Ng5 21. Kg2 Qf6 22Nh5 Qg6 23. Bxe5 dxe5 24. Qe3 b5 25. b3 f5 26. exf5 exf5 27. Qxe5 Bc8 28. axb5
Nxh3 29. Re3 Ng5 30. bxa6 1-0

[Event "Gibtelecom Masters 8th"]
[Site "Gibraltar"]
[Date "2010.02.02"]
[Round "8.90"]
[White "Pettersen, Joar Gullestad"]
[Black "Young, Melvyn"]
[Result "1-0"]
[WhiteElo "2020"]
[BlackElo "1717"]
[PlyCount "59"]
[EventDate "2010.01.26"]
[EventType "swiss"]
[EventRounds "10"]
[EventCountry "GGB"]
[SourceDate "2005.02.07"]

1. e4 c5 2. Nf3 d6 3. d4 cxd4 4. Nxd4 Nf6 5. Nc3 a6 6. h3 e5 7. Nde2 Be7 8. g4
h6 9. Bg2 Nbd7 10. Be3 Nb6 11. Qd3 Be6 12. b3 O-O 13. O-O Nfd7 14. Ng3 Qc7 15Nce2 Rac8 16. c4 Nc5 17. Qd2 Kh7 18. Nc3 Rfd8 19. Rad1 Rf8 20. Kh2 Ncd7 21. f4
exf4 22. Bxf4 Ne5 23. Nf5 Bxf5 24. exf5 Rcd8 25. Kh1 Rd7 26. a4 Rfd8 27. a5 Nc8
28. Nd5 Qb8 29. f6 Bxf6 30. Bxh6 1-0

[Event "Gibtelecom Masters 8th"]
[Site "Gibraltar"]
[Date "2010.02.02"]
[Round "8.91"]
[White "Rough, Robert E"]
[Black "Hughes, Roy"]
[Result "1/2-1/2"]
[WhiteElo "1811"]
[BlackElo "1976"]
[PlyCount "71"]
[EventDate "2010.01.26"]
[EventType "swiss"]
[EventRounds "10"]
[EventCountry "GGB"]
[SourceDate "2005.02.07"]

1. d4 Nf6 2. Bf4 e6 3. e3 Be7 4. h3 b6 5. Nf3 Bb7 6. Be2 O-O 7. O-O d6 8. Nbd2
Nbd7 9. c3 Re8 10. Qc2 Bf8 11. e4 e5 12. dxe5 dxe5 13. Bg5 c5 14. Rfe1 Qc7 15Rad1 a6 16. a4 Bc6 17. c4 Be7 18. Bd3 Nf8 19. Nf1 Qb7 20. Nxe5 Bxe4 21. Bxf6
Bxd3 22. Nxd3 Bxf6 23. Rxe8 Rxe8 24. Ne3 Ne6 25. Nd5 Bd4 26. Qb3 Rb8 27. Nc3
Qc6 28. Nd5 Rb7 29. Qa2 h6 30. b3 Qd6 31. Qc2 Rb8 32. Re1 Rd8 33. Qe2 b5 34axb5 axb5 35. Qf3 b4 36. N3f4 1/2-1/2

[Event "Gibtelecom Masters 8th"]
[Site "Gibraltar"]
[Date "2010.02.02"]
[Round "8.92"]
[White "Hansen, Erle Andrea Marki"]
[Black "Grant, David"]
[Result "1/2-1/2"]
[WhiteElo "1699"]
[BlackElo "1913"]
[PlyCount "41"]
[EventDate "2010.01.26"]
[EventType "swiss"]
[EventRounds "10"]
[EventCountry "GGB"]
[SourceDate "2005.02.07"]

1. e4 g6 2. d4 Bg7 3. Nc3 d6 4. f4 Nf6 5. Nf3 O-O 6. Bd3 c6 7. Be3 Nbd7 8. Qd2
c5 9. d5 a6 10. h3 b5 11. a3 Bb7 12. f5 Qc7 13. Bh6 c4 14. Be2 Qc5 15. Be3 Qc7
16. fxg6 hxg6 17. Bh6 Qc5 18. Be3 Qc7 19. Bh6 Qc5 20. Be3 Qc7 21. Bh6 1/2-1/2

[Event "Gibtelecom Masters 8th"]
[Site "Gibraltar"]
[Date "2010.02.02"]
[Round "8.93"]
[White "Schuetze, Norman"]
[Black "Bishop, Geoffrey L"]
[Result "1-0"]
[WhiteElo "2269"]
[BlackElo "1851"]
[PlyCount "43"]
[EventDate "2010.01.26"]
[EventType "swiss"]
[EventRounds "10"]
[EventCountry "GGB"]
[SourceDate "2005.02.07"]

1. e4 Nf6 2. e5 Nd5 3. d4 d6 4. c4 Nb6 5. exd6 cxd6 6. Nc3 g6 7. Be3 Bg7 8. Rc1
O-O 9. b3 Nc6 10. d5 Ne5 11. Be2 e6 12. f4 Bh6 13. Qd2 exd5 14. fxe5 Bxe3 15Qxe3 dxc4 16. Nf3 cxb3 17. axb3 Be6 18. O-O Bxb3 19. Ne4 f5 20. Qxb3+ Kh8 21Nxd6 Qe7 22. Rfd1 1-0

[Event "Gibtelecom Masters 8th"]
[Site "Gibraltar"]
[Date "2010.02.02"]
[Round "8.94"]
[White "Fox, Pierre"]
[Black "Lumsdon, Andrew"]
[Result "0-1"]
[WhiteElo "1788"]
[BlackElo "2090"]
[PlyCount "44"]
[EventDate "2010.01.26"]
[EventType "swiss"]
[EventRounds "10"]
[EventCountry "GGB"]
[SourceDate "2005.02.07"]

1. d4 Nf6 2. c4 c5 3. d5 b5 4. Nf3 bxc4 5. Nc3 d6 6. e4 Ba6 7. Qa4+ Qd7 8. Qa5
Qb7 9. Qa4+ Qd7 10. Qa5 g6 11. Nd2 Bg7 12. b3 O-O 13. Be2 Qb7 14. bxc4 Qb4 15Qa3 Nfd7 16. Ndb1 Nb6 17. Qb3 Bxc4 18. Bxc4 Nxc4 19. O-O Nd7 20. f4 Rfb8 21. e5
dxe5 22. Nd2 Ne3 0-1

[Event "Gibtelecom Masters 8th"]
[Site "Gibraltar"]
[Date "2010.02.02"]
[Round "8.96"]
[White "Perez Reisler, Jose"]
[Black "Kuenitz, Klaus"]
[Result "1-0"]
[WhiteElo "2001"]
[BlackElo "1755"]
[PlyCount "45"]
[EventDate "2010.01.26"]
[EventType "swiss"]
[EventRounds "10"]
[EventCountry "GGB"]
[SourceDate "2005.02.07"]

1. c4 e5 2. Nc3 d6 3. Nf3 g6 4. d4 exd4 5. Nxd4 Bg7 6. e4 Nc6 7. Be3 a6 8. Be2
Nf6 9. O-O h5 10. f3 Ne5 11. Bg5 c5 12. Nc2 Be6 13. Ne3 Qb6 14. Qd2 O-O 15Bxf6 Bxf6 16. Ned5 Qd8 17. Nxf6+ Qxf6 18. Qxd6 Rfd8 19. Qxc5 Rac8 20. Qb6 Rxc4
21. Nd5 Qh4 22. g3 Rc6 23. Qxb7 1-0

[Event "Gibtelecom Masters 8th"]
[Site "Gibraltar"]
[Date "2010.02.02"]
[Round "8.97"]
[White "Mancini, Giustino"]
[Black "Carlsen, Ingrid Oen"]
[Result "1-0"]
[WhiteElo "1946"]
[BlackElo "1508"]
[PlyCount "59"]
[EventDate "2010.01.26"]
[EventType "swiss"]
[EventRounds "10"]
[EventCountry "GGB"]
[SourceDate "2005.02.07"]

1. d4 Nf6 2. c4 g6 3. Nc3 Bg7 4. e4 d6 5. Nf3 O-O 6. Be2 e5 7. d5 Nbd7 8. O-Nc5 9. Qc2 c6 10. dxc6 bxc6 11. Rd1 Qc7 12. b3 Ne8 13. b4 Ne6 14. b5 Nd4 15Qd2 Nxe2+ 16. Qxe2 f5 17. bxc6 Qxc6 18. Nd5 Qd7 19. Ba3 Bb7 20. Rab1 Bxd5 21Rxd5 fxe4 22. Nd2 Qc6 23. Nxe4 Rc8 24. Bxd6 Nxd6 25. Nxd6 Rb8 26. Rbd1 Rb6 27c5 Rb4 28. a3 Rd4 29. R5xd4 exd4 30. Qe6+ 1-0

[Event "Gibtelecom Masters 8th"]
[Site "Gibraltar"]
[Date "2010.02.02"]
[Round "8.101"]
[White "Chidi, Lovinia Sylvia"]
[Black "Pereira, Johnharry"]
[Result "0-1"]
[WhiteElo "1832"]
[BlackElo "1892"]
[PlyCount "98"]
[EventDate "2010.01.26"]
[EventType "swiss"]
[EventRounds "10"]
[EventCountry "GGB"]
[SourceDate "2005.02.07"]

1. e4 c6 2. d4 d5 3. exd5 cxd5 4. Nf3 Bg4 5. Be2 Nc6 6. c3 Nf6 7. h3 Bh5 8. Ne5
Bxe2 9. Qxe2 e6 10. Qb5 Qc8 11. Qe2 Be7 12. Be3 O-O 13. Nd2 a6 14. O-O b5 15Rfc1 Qb7 16. Nxc6 Qxc6 17. Bf4 Rfe8 18. Qd1 Qb6 19. Be3 Bd6 20. Qb3 Rab8 21Qc2 Bc7 22. Qd3 Qd6 23. Nf3 h6 24. Ne5 Ne4 25. Bf4 a5 26. Ng6 Qd7 27. Bxc7 Qxc7
28. Ne5 Qd6 29. Nf3 Qf4 30. Rc2 Rec8 31. Re2 Nd6 32. g3 Qf6 33. Kg2 b4 34. Ne5
Qd8 35. cxb4 Rxb4 36. b3 Nb5 37. Nf3 Rc3 38. Qd1 Rxf3 39. Kxf3 Qf6+ 40. Kg2 Nc3
41. Qf1 Nxe2 42. Qxe2 Qxd4 43. Rc1 g6 44. Rc2 a4 45. f3 axb3 46. axb3 Rxb3 47Rd2 Qc5 48. Qe5 Rb1 49. Rf2 Qc1 0-1

[Event "Gibtelecom Masters 8th"]
[Site "Gibraltar"]
[Date "2010.02.02"]
[Round "8.104"]
[White "Gates, David A"]
[Black "Yarur Elsaca, Daniel"]
[Result "0-1"]
[WhiteElo "1738"]
[BlackElo "1815"]
[PlyCount "58"]
[EventDate "2010.01.26"]
[EventType "swiss"]
[EventRounds "10"]
[EventCountry "GGB"]
[SourceDate "2005.02.07"]

1. e4 c5 2. Nf3 Nc6 3. Bd3 g6 4. c3 Bg7 5. Bc2 Nf6 6. d4 cxd4 7. Nxd4 O-O 8Nd2 d5 9. Nxc6 bxc6 10. Qe2 Qc7 11. e5 Nd7 12. f4 f6 13. e6 Nc5 14. f5 gxf5 15Bxf5 Ba6 16. Qh5 Qe5+ 17. Kd1 Be2+ 18. Qxe2 Qxf5 19. Re1 Rab8 20. g4 Qg6 21. h4
f5 22. gxf5 Rxf5 23. Nf3 Na4 24. Rg1 Qh5 25. Rg3 Rbf8 26. Qg2 Rxf3 27. Rxg7+
Kh8 28. Rg5 Rf1+ 29. Kc2 Qd1+ 0-1

[Event "Gibtelecom Masters 8th"]
[Site "Gibraltar"]
[Date "2010.02.03"]
[Round "9.1"]
[White "Gustafsson, Jan"]
[Black "Bacrot, Etienne"]
[Result "1/2-1/2"]
[WhiteElo "2627"]
[BlackElo "2713"]
[PlyCount "29"]
[EventDate "2010.01.26"]
[EventType "swiss"]
[EventRounds "10"]
[EventCountry "GGB"]
[SourceDate "2005.02.07"]

1. d4 d5 2. Nf3 Nf6 3. c4 c6 4. cxd5 cxd5 5. Nc3 Nc6 6. Bf4 a6 7. Rc1 Bf5 8. e3
Rc8 9. Be2 e6 10. O-O Nd7 11. Qb3 Na5 12. Qa4 Nc6 13. Qb3 Na5 14. Qa4 Nc6 15Qb3 1/2-1/2

[Event "Gibtelecom Masters 8th"]
[Site "Gibraltar"]
[Date "2010.02.03"]
[Round "9.2"]
[White "Movsesian, Sergei"]
[Black "Halkias, Stelios"]
[Result "1-0"]
[WhiteElo "2708"]
[BlackElo "2566"]
[PlyCount "83"]
[EventDate "2010.01.26"]
[EventType "swiss"]
[EventRounds "10"]
[EventCountry "GGB"]
[SourceDate "2005.02.07"]

1. e4 c5 2. Nf3 Nc6 3. Nc3 Nf6 4. Bb5 Qc7 5. d3 a6 6. Bxc6 Qxc6 7. Bg5 e6 8Qe2 b5 9. O-O-O Bb7 10. Kb1 Qb6 11. Nd2 Rc8 12. Rhe1 h6 13. Bh4 Qc7 14. Bxf6
gxf6 15. Nd5 Qd8 16. Qf3 Be7 17. Nxe7 Qxe7 18. Qg3 d6 19. c4 Kd7 20. Qe3 Kc7
21. d4 Kb8 22. Qd3 cxd4 23. Qxd4 e5 24. Qd3 Rc5 25. Rc1 bxc4 26. Nxc4 d5 27exd5 Rxd5 28. Qe3 Rhd8 29. Qxh6 Rd4 30. f3 Qe6 31. Ne3 Rd2 32. Red1 f5 33. Rxd2
Qxh6 34. Rxd8+ Ka7 35. Nc4 e4 36. Nd6 Ba8 37. Nc8+ Kb7 38. Rd7+ Kb8 39. Nd6 Qf8
40. Rc8+ Qxc8 41. Nxc8 e3 42. Kc2 1-0

[Event "Gibtelecom Masters 8th"]
[Site "Gibraltar"]
[Date "2010.02.03"]
[Round "9.3"]
[White "Naumann, Alexander"]
[Black "Vallejo Pons, Francisco"]
[Result "0-1"]
[WhiteElo "2525"]
[BlackElo "2705"]
[PlyCount "72"]
[EventDate "2010.01.26"]
[EventType "swiss"]
[EventRounds "10"]
[EventCountry "GGB"]
[SourceDate "2005.02.07"]

1. d4 Nf6 2. c4 e6 3. Nf3 c5 4. g3 cxd4 5. Nxd4 d5 6. Bg2 e5 7. Nf3 d4 8. O-Nc6 9. e3 Be7 10. exd4 exd4 11. Bf4 Be6 12. Ne5 Rc8 13. Re1 O-O 14. Nd2 Nxe5
15. Bxe5 Qd7 16. Ne4 Rfd8 17. Bxf6 gxf6 18. Qh5 d3 19. Qh6 Qd4 20. b3 b5 21. c5
Rxc5 22. Nxc5 Bxc5 23. Rad1 Qxf2+ 24. Kh1 Bf8 25. Qh5 Qc5 26. Qf3 d2 27. Rf1
Qg5 28. Qxf6 Qxf6 29. Rxf6 a5 30. Rf4 Bh6 31. Rh4 Kg7 32. Kg1 Bf5 33. Kf2 Bc2
34. Bf3 Rd6 35. Rg4+ Kf8 36. Re4 Rf6 0-1

[Event "Gibtelecom Masters 8th"]
[Site "Gibraltar"]
[Date "2010.02.03"]
[Round "9.4"]
[White "Adams, Michael"]
[Black "Lemos, Damian"]
[Result "1-0"]
[WhiteElo "2694"]
[BlackElo "2556"]
[PlyCount "93"]
[EventDate "2010.01.26"]
[EventType "swiss"]
[EventRounds "10"]
[EventCountry "GGB"]
[SourceDate "2005.02.07"]

1. e4 e6 2. d4 d5 3. Nd2 Be7 4. Ngf3 Nf6 5. e5 Nfd7 6. Bd3 c5 7. c3 b6 8. O-Ba6 9. Ne1 Bxd3 10. Nxd3 Nc6 11. Qg4 g6 12. Nf3 h5 13. Qg3 c4 14. Nde1 h4 15Qg4 Rh5 16. h3 b5 17. Nc2 Nb6 18. Qf4 Rf5 19. Qe3 Rh5 20. Qf4 Rf5 21. Qe3 Rh5
22. b3 a6 23. Bd2 Kd7 24. Qe2 Na5 25. Rfb1 Kc7 26. Ne3 Qd7 27. Bc1 Qc6 28. Ng4
Nd7 29. Bf4 Kd8 30. Qe3 Ke8 31. b4 Nb7 32. a4 Nd8 33. Bg5 Nb6 34. axb5 axb5 35Bxe7 Kxe7 36. Nf6 Rh8 37. Qg5 Kf8 38. Nxh4 Rxa1 39. Rxa1 Na4 40. Ra3 Qc7 41Nf3 Nc6 42. h4 Ne7 43. h5 gxh5 44. Nxh5 Nf5 45. Nf6 Ng7 46. g3 Qe7 47. Kg2 1-0

[Event "Gibtelecom Masters 8th"]
[Site "Gibraltar"]
[Date "2010.02.03"]
[Round "9.5"]
[White "Koneru, Humpy"]
[Black "Kamsky, Gata"]
[Result "1/2-1/2"]
[WhiteElo "2614"]
[BlackElo "2693"]
[PlyCount "73"]
[EventDate "2010.01.26"]
[EventType "swiss"]
[EventRounds "10"]
[EventCountry "GGB"]
[SourceDate "2005.02.07"]

1. d4 d5 2. c4 c6 3. e3 Nf6 4. Nf3 g6 5. Nc3 Bg7 6. Be2 O-O 7. O-O e6 8. Qc2
Nbd7 9. b3 Re8 10. Bb2 a6 11. e4 Nxe4 12. Nxe4 dxe4 13. Qxe4 c5 14. Rad1 Qc7
15. Qb1 cxd4 16. Nxd4 Nc5 17. Nc2 a5 18. Bxg7 Kxg7 19. Ne3 b6 20. Bf3 Ra7 21a3 a4 22. Qb2+ f6 23. b4 Nb3 24. Rfe1 e5 25. Bd5 Bd7 26. Rd3 Qc8 27. c5 bxc5
28. Bxb3 axb3 29. Rxb3 c4 30. Rc3 Bb5 31. Qc1 Rc7 32. Nd5 Ra7 33. a4 Bxa4 34Nb6 Qb8 35. Nxa4 Rxa4 36. Rxc4 Re7 37. Qc3 1/2-1/2